Digital Marketing Analytics: (Record no. 167342)

MARC details
000 -LEADER
fixed length control field 00789nam a22002057a 4500
005 - DATE AND TIME OF LATEST TRANSACTION
control field 20190828151400.0
010 ## - LCCN (DPL NO)
LC control number ENG-126357
020 ## - INTERNATIONAL STANDARD BOOK NUMBER
Terms of availability 379.00
International Standard Book Number 978-93-534-3019-1
035 ## - SYSTEM CONTROL NUMBER
System control number EN-109889
037 ## - SOURCE OF ACQUISITION
Source of stock number/acquisition DBAD/PUB
082 ## - DEWEY DECIMAL CLASSIFICATION NUMBER
Classification number 658.87
100 ## - MAIN ENTRY--PERSONAL NAME
Personal name Hemann, Chuck
245 ## - TITLE STATEMENT
Title Digital Marketing Analytics:
Statement of responsibility, etc by Chuck Hemann [and] Ken Burbary
Remainder of title Making Sense of Consumer Data in a Digital World/
260 ## - PUBLICATION, DISTRIBUTION, ETC. (IMPRINT)
Place of publication, distribution, etc U.P.
Name of publisher, distributor, etc Pearson India Education Services
Date of publication, distribution, etc 2019
270 ## - ADDRESS
City Noida
Postal code 201301
Address 15th Floor,Tower-B,World Trade Tower,Plot No.1,Block-C,Sector 16
Telephone number 080-30461060
Fax number 080-30461003
Electronic mail address companysecretary.india@pearson.com
300 ## - PHYSICAL DESCRIPTION
Extent xiv252p.
Dimensions 22cm(pbk)
Other physical details ill.
500 ## - GENERAL NOTE
General note Includes index and bibliography.
700 ## - ADDED ENTRY--PERSONAL NAME
Personal name Burbary,Ken
942 ## - ADDED ENTRY ELEMENTS (KOHA)
Source of classification or shelving scheme Dewey Decimal Classification
Item type English Books
Classification part 658.87
Call number suffix HEM
Holdings
Withdrawn status Lost status Not for loan Collection code Home library Current library Date acquired Source of acquisition Cost, normal purchase price Full call number Barcode Copy number Cost, replacement price Koha item type
      Non-fiction Bawana Bawana 28/08/2019 DBAD/PUB 379.00 658.87 HEM EN-109889 1 379.00 English Books

© Delhi Public Library
Hit Counter
free hit counter